La carga de la prueba

Saved in:
Bibliographic Details
Main Author: Micheli, Gian Antonio (autor)
Format: Book
Language:Spanish
Published: Buenos Aires Jurídicas Europa-América 1961
Series:Ciencia del Proceso, 39
Subjects:
Tags: Add Tag
No Tags, Be the first to tag this record!

MARC

LEADER 00000nam a2200000 a 4500
001 UCS1044
003 CL-VaPUC
008 970506e19610000AG |||||||||||||||||spa|d
082 0 4 |a 345.06  |b MIC  |2 21 
100 |a Micheli, Gian Antonio  |e autor  |9 385065 
245 1 3 |a La carga de la prueba 
300 |a 591 p 
942 |c BK 
945 |d 19970506 00:00:00  |a lriquelm 
260 |a Buenos Aires  |b Jurídicas Europa-América  |c 1961 
650 0 |a Prueba  |9 256247 
650 0 |a Proceso civil  |9 361912 
650 0 |a Juicio  |9 321615 
583 |a last modification  |c 20111018 05:16:35  |k Rodrigo Vera 
490 0 |a Ciencia del Proceso, 39 
999 |c 259155  |d 259153 
952 |0 0  |1 0  |4 0  |6 345_060000000000000_MIC_1961  |7 0  |8 A  |9 283743  |a BIBDER  |b BIBDER  |d 2019-11-19  |i 184041K  |o 345.06 MIC 1961  |p 184041K  |r 2023-01-25  |w 2019-11-19  |y BK  |k DER